NHL Franchises All-Time Point Share Leaders - Statistics

General Stats
  • This quiz has been taken 57 times
  • The average score is 24 of 31
Answer Stats
Team Position Point Shares Player % Correct
Capitals LW 172* Alexander Ovechkin
96%
Oilers C 151 Wayne Gretzky
93%
Devils G 206 Martin Brodeur
91%
Penguins C 168 Mario Lemieux
89%
Rangers G 173* Henrik Lundqvist
87%
Flames RW 134 Jarome Iginla
87%
Avalanche C 168 Joe Sakic
87%
Stars C 144 Mike Modano
87%
Ducks RW 124 Teemu Selänne
87%
Lightning C 108* Steven Stamkos
85%
Senators RW 128 Daniel Alfredsson
83%
Canucks LW 123 Daniel Sedin
83%
Sabres G 116 Dominik Hašek
83%
Red Wings RW 215 Gordie Howe
83%
Kings C 116 Marcel Dionne
83%
Sharks C 126 Patrick Marleau
83%
Predators G 120* Pekka Rinne
83%
Bruins D 229 Ray Bourque
83%
Blues RW 101 Brett Hull
80%
Golden Knights G 27* Marc-André Fleury
76%
Coyotes RW 96 Shane Doan
76%
Jets / Thrashers LW 74 Ilya Kovalchuk
74%
Panthers G 124 Roberto Luongo
74%
Islanders D 161 Denis Potvin
67%
Blue Jackets G 75 Sergei Bobrovsky
67%
Blackhawks G 176 Tony Esposito
63%
Hurricanes G 109 Cam Ward
61%
Canadiens D 158 Larry Robinson
61%
Flyers G 107 Bernie Parent
54%
Wild G 73 Niklas Bäckström
50%
Maple Leafs G 120 Turk Broda
28%
No matching quizzes found
Score Distribution
Percent of People with Each Score
Percentile by Number Answered
Your Score History
You have not taken this quiz